Communes de l'Isère (38) de plus de 10000 habitants - Statistiques

Statistiques générales
  • Ce quiz a été pris 129 fois
  • Le résultat moyen est 9 sur 16
Statistiques - réponses
Habitants Commune % Correct
156389 (préfecture) Grenoble
100%
21604 Voiron
86%
36708 Echirolles
85%
38022 Saint-Martin-d'Hères
76%
26816 Bourgoin-Jallieu
75%
31555 Vienne
73%
22471 Fontaine
56%
18790 Meylan
51%
17930 Saint-Egrève
51%
17096 L'Isle-d'Abeau
39%
10846 Le Pont-de-Claix
37%
11579 Sassenage
37%
10095 Eybens
34%
19018 Villefontaine
34%
11784 Seyssinet-Pariset
22%
10459 Charvieu-Chavagneux
13%
Aucun quiz correspondant
Distribution des résultats
% des personnes avec chaque résultat
Percentile par nombre de réponses
Votre historique - résultats
Vous n’avez pas pris ce quiz